Supplement to the Journal of the Royal Statistical Society

محفوظ في:

التنسيق: دورية

اللغة: Undetermined

منشور في: JSTOR
Wiley

الموضوعات:

الوصول للمادة أونلاين: Login to view Source

الوسوم: إضافة وسم

لا توجد وسوم, كن أول من يضع وسما على هذه التسجيلة!

رقم الطلب:

LEADER 00496nas a2200157Ia 4500
008 220214c99999999xx |||||||||||| ||und||
022 |a 1466-6162 
245 0 0 |a Supplement to the Journal of the Royal Statistical Society 
264 1 |b JSTOR 
264 1 |b Wiley 
362 0 |a Vol. 1(1934)-9 (1947) 
653 1 0 |a Statistics 
856 4 0 |u https://www.jstor.org/journal/suppjroyastatsoc 
942 |c JL 
952 |0 0  |1 0  |4 0  |7 1  |9 37391  |a JSR  |b JSR  |d 2022-02-14  |l 0  |r 2022-02-14 00:00:00  |w 2022-02-14  |y JL 
999 |c 45722  |d 45722